Modification of NR tubes for biomaterials. 1. Radiation-induced grafting of N, N-Dimethyl acrylamide on to natural rubber tubes (Record no. 45912)

MARC details
000 -LEADER
fixed length control field 00500nam a2200157Ia 4500
100 ## - MAIN ENTRY--AUTHOR NAME
Personal name Razzak Miran T
245 #0 - TITLE STATEMENT
Title Modification of NR tubes for biomaterials. 1. Radiation-induced grafting of N, N-Dimethyl acrylamide on to natural rubber tubes
260 ## - PUBLICATION, DISTRIBUTION, ETC. (IMPRINT)
Name of publisher Journal of Applied Polymer Science
Year of publication 1988
300 ## - PHYSICAL DESCRIPTION
Number of Pages 645-653
700 ## - ADDED ENTRY--PERSONAL NAME
Personal name Ohashi F
700 ## - ADDED ENTRY--PERSONAL NAME
Personal name Otsuhata Kasushige
700 ## - ADDED ENTRY--PERSONAL NAME
Personal name Tabata Yoneho
700 ## - ADDED ENTRY--PERSONAL NAME
Personal name Takeuchi A
942 ## - ADDED ENTRY ELEMENTS (KOHA)
Koha item type Reprints
Holdings
Withdrawn status Lost status Damaged status Not for loan Home library Current library Date acquired Serial Enumeration / chronology Accession Number Koha item type
      Reprints RRII Library RRII Library 22/12/2021 Volume 36, Issue P1290 Reprints